Giáo trình kỹ thuật nuôi cá cảnh

Nội dung giáo trình đề cập đến vấn đề về môi trường nuôi cá cảnh, sinh học và kỹ thuật nuôi một số loài cá.

Spremljeno u:
Bibliografski detalji
Glavni autor: Bùi, Minh Tâm
Format: Knjiga
Jezik:Undetermined
Izdano: Cần Thơ Trường Đại học Cần Thơ 2007
Teme:
Oznake: Dodaj oznaku
Bez oznaka, Budi prvi tko označuje ovaj zapis!
Thư viện lưu trữ: Trung tâm Học liệu Trường Đại học Cần Thơ
LEADER 00738nam a2200193Ia 4500
001 CTU_126879
008 210402s9999 xx 000 0 und d
082 |a 639.342 
082 |b T120 
100 |a Bùi, Minh Tâm 
245 0 |a Giáo trình kỹ thuật nuôi cá cảnh 
245 0 |c Bùi Minh Tâm 
260 |a Cần Thơ 
260 |b Trường Đại học Cần Thơ 
260 |c 2007 
520 |a Nội dung giáo trình đề cập đến vấn đề về môi trường nuôi cá cảnh, sinh học và kỹ thuật nuôi một số loài cá. 
650 |a Fish-culture,Ornamental fishes 
904 |i Nguyên 
980 |a Trung tâm Học liệu Trường Đại học Cần Thơ